00410 a2200121 4500001000900000005001700009008004100026245007400067100002700141700002100168773008200189999001700271ART_300820260410161712.0260409a 10aFactores limitantes al cambio tecnológico en el sector agropecuario1 aObschatko, Edith S. de1 ade Janvry, Alain0 tDesarrollo económicog- Vol. 11, Nº 42/44 (jul. 1971 / mar. 1972)wREV1174 c16135d16135